Loading...
| History - European | 0 | 3 | 2 | 0 | 20 | 56 | 79.67 | 1 | 1 | 11.00 | 23.03 |
| History - World | 0 | 2 | 0 | 0 | 20 | 92 | 96.50 | 0 | 0 | 5.82 | 12.95 |
| History - American | 0 | 1 | 0 | 0 | 10 | 76 | 76.00 | 0 | 0 | 4.29 | 5.45 |
| Fine Arts - Classical Music | 0 | 1 | 0 | 0 | 10 | 114 | 114.00 | 0 | 0 | 1.02 | 1.67 |
| Fine Arts - Other | 0 | 1 | 0 | 0 | 10 | 137 | 137.00 | 0 | 0 | 0.07 | 3.64 |
| Literature - European | 0 | 1 | 1 | 0 | 5 | 86 | 86.00 | 0 | 1 | 3.90 | 9.09 |
| Philosophy | 0 | 0 | 1 | 0 | -5 | 0.00 | 0 | 0 | 0.00 | 0.00 | |
| Religion | 0 | 0 | 1 | 0 | -5 | 0.00 | 0 | 0 | 0.00 | 0.00 | |
| Science - Physics | 0 | 0 | 1 | 0 | -5 | 0.00 | 0 | 0 | 0.00 | 0.00 |